000 00349nam a22001457a 4500
008 230207b ||||| |||| 00| 0 eng d
020 _a9781308515700
041 _aeng
080 _2FOURTH EDITION
_a51
082 _a51MAL
100 _a20
101 _aMATEM
245 _aACCOUNTING FOR GLOBAL AND COMPLEX ENTITIES
_cMALONE D
942 _2udc
_cBK
999 _c59325
_d59325